00662nam a2200133Ia 4500008004100000100002300041245014700064245016600211260005300377260001400430300000800444650001500452856006100467170221s9999 xx 000 0 und d aAdeliya V. Pavlova aOrganizational and Economic Mechanism of Services Spheres Innovative Development Maintenance as a Component of Management of Regional Economy  cAdeliya V. Pavlova, Anna V. Novikova, Oksana V. Pogulich, Alexey D. Chudnovskiy, Chulpan S. Zakirova, Elena A. Kaptelinina, Alfira Y. Gafurova, Elena S. Matveeva bInternational Review of Management and Marketing cJune 2013 a5:1 xMarketing. uhttp://www.econjournals.com/index.php/irmm/issue/view/71